Normal view
MARC view
Entry Personal Name
001 - CONTROL NUMBER
- control field: 36060
003 - CONTROL NUMBER IDENTIFIER
- control field: ARRUPE
005 - DATE AND TIME OF LATEST TRANSACTION
- control field: 20170921120656.0
008 - FIXED-LENGTH DATA ELEMENTS
- fixed length control field: 170921|| aca||aabn | a|a d
040 ## - CATALOGING SOURCE
- Original cataloging agency: ARRUPE
- Transcribing agency: ARRUPE
100 ## - HEADING--PERSONAL NAME
- Personal name: Bailey, Ronald ed.
670 ## - SOURCE DATA FOUND
- Source citation: Work cat.: (ARRUPE)58754: A project of the competitive Enterprise Institute 36058, The true state of the planet, 1995